000 00551nam a2200193Ia 4500
005 20260120132133.0
008 008 260114s9999 xx 000 0 eng d
020 _a9780197706770
037 _aEBOOK
040 _aCRL
_beng
_cCRL
041 _aeng
_2eng
084 _qCRL
100 _aGeisler
_9935381
245 0 _aFrom Sound to Synapse Physiology of the Mammalian Ear
260 _bOxford University PressOxford University Press
_c2023
856 _uhttps://academic.oup.com/book/52597
942 _cEBOOK
999 _c1527304
_d1527304